000 00693nam a2200289Ia 4500
005 20260324121943.0
008 008 260324s9999 xx 000 0 eng d
020 _a9780203569146
037 _aEBOOK
040 _aCRL
040 _beng
040 _cCRL
041 _2eng
041 _aeng
084 _qCRL
100 _aSandra L Bloom
_91164533
245 0 _aCreating Sanctuary
245 0 _bToward the Evolution of Sane Societies, Revised Edition
260 _bTaylor and Francis
260 _c2013
365 _a
365 _b325
856 _uhttp://www.taylorfrancis.com/books/9780203569146
942 _cEBOOK
999 _c1756939
_d1756939